National implications of an appeal which considered PPS10 in relation to land fill operations (Record no. 78621)

MARC details
000 -LEADER
fixed length control field 01166cab a22002295a 4500
001 - CONTROL NUMBER
control field L137472
008 - FIXED-LENGTH DATA ELEMENTS--GENERAL INFORMATION
fixed length control field 070410s2007 xxkbo f g 000 0 eng d
035 ## - SYSTEM CONTROL NUMBER
System control number (Sirsi) u137472
041 0# - LANGUAGE CODE
Language code of text/sound track or separate title eng
100 1# - MAIN ENTRY--PERSONAL NAME
Personal name Cooper, Anne
245 00 - TITLE STATEMENT
Title National implications of an appeal which considered PPS10 in relation to land fill operations
260 ## - PUBLICATION, DISTRIBUTION, ETC.
Date of publication, distribution, etc. 2007
490 ## - SERIES STATEMENT
Series statement Waste Planning
Volume/sequential designation (62) March 2007, 3-5(3)
520 ## - SUMMARY, ETC.
Summary, etc. Details an appeal decision on an extension to Lidsey Landfill near Bognor Regis which highlighted a number of issues in relation to the application of PPS10 that are likely to be of interest to Waste Planning Authorities other than West Sussex CC which was the authority directly involved. West Sussex CC faced difficulties in attempting to defend its original decision to refuse consent largely on the basis of policies in a Waste Local Plan that both predated PPS10, and was not adopted.
590 ## - LOCAL NOTE (RLIN)
Local note KA
610 24 - SUBJECT ADDED ENTRY--CORPORATE NAME
Corporate name or jurisdiction name as entry element West Sussex County Council
9 (RLIN) 1858
650 24 - SUBJECT ADDED ENTRY--TOPICAL TERM
Topical term or geographic name entry element PLANNING POLICY STATEMENT 10
651 #4 - SUBJECT ADDED ENTRY--GEOGRAPHIC NAME
Geographic name BOGNOR REGIS
690 ## - LOCAL SUBJECT ADDED ENTRY--TOPICAL TERM (OCLC, RLIN)
Topical term or geographic name as entry element ENVIRONMENTAL AND LAND CONSULTANCY-WASTE MANAGEMENT
700 1# - ADDED ENTRY--PERSONAL NAME
Personal name Sierakowski, Andrew
942 ## - ADDED ENTRY ELEMENTS (KOHA)
Suppress in OPAC 0
Holdings
Withdrawn status Lost status Source of classification or shelving scheme Damaged status Not for loan Home library Current library Shelving location Date acquired Total Checkouts Full call number Barcode Date last seen Copy number Price effective from Koha item type
    Dewey Decimal Classification     London London Journal article 10/04/2007   L137472 137472-1001 06/08/2019 1 06/08/2019 Journal article